000 00673nam a2200217 a 4500
001 000009925
005 20240412074214.0
008 091002s1981 dr r 001 p spa d
040 _aDO-SdBNP
_bspa
_cBNPHU
082 _aRD861.44
_bC679L
100 1 _aCoiscou Weber, Rodolfo
_919739
245 1 0 _aLuz herida /
_cRodolfo Coiscou Weber.
260 _aSanto Domingo :
_bTaller,
_c1981.
300 _a103 p. ;
_c21 cm.
490 1 _aAntología de la sangre
_v1
590 _aInventariado, 2018/BT
650 0 _aPoesía dominicana
_966
650 0 _aLiteratura dominicana.
_967
830 0 _aAntología de la sangre
_n1
_924857
910 _aValidado. Control de calidad. MMOLINA
999 _c9684
_d9684